000 00444nam a2200181Ia 4500
005 20250603144838.0
008 250603s9999 xx 000 0 und d
020 _a978-0-07-451575-4 / 0-07-451575-4
050 _aTK 3001 .M47/
100 _aDeshpande, M. V.
245 0 _aElectrical power system design
260 _aNew Delhi
260 _bTata McGraw-Hill
260 _c2008
300 _a362 p
650 _aNew Delhi
942 _cBK
999 _c40121
_d40121